书目信息 |
| 题名: |
古生物学教程
|
|
| 作者: | ;武汉地质学院古生物教研室 编著 | |
| 分册: | ||
| 出版信息: | 北京 地质出版社 1980.07 |
|
| 页数: | 521页 | |
| 开本: | 26cm | |
| 丛书名: | ||
| 单 册: | ||
| 中图分类: | Q91 | |
| 科图分类: | ||
| 主题词: | 古生物学 | |
| 电子资源: | ||
| ISBN: | ||
| 000 | 00620nam0 2200205 45 | |
| 001 | 0407061608 | |
| 005 | 20040706165708.6 | |
| 010 | @dCNY4.60 | |
| 100 | @a20040706d1980 km y0chiy0120 ea | |
| 101 | 0 | @achi |
| 105 | @a z 000yy | |
| 200 | 1 | @a古生物学教程@AGu Sheng Wu Xue Jiao Cheng@f武汉地质学院古生物教研室编著@FWu Han Di Zhi Xue Yuan Gu Sheng Wu Jiao Yan Shi Bian Zhu |
| 210 | @a北京@c地质出版社@d1980.07 | |
| 215 | @a521页@d26cm | |
| 300 | @a高等学校试用教材 | |
| 606 | 0 | @a古生物学 |
| 690 | @aQ91@v3 | |
| 711 | 02 | @a武汉地质学院古生物教研室@4编著 |
| 801 | @aCN@bPftUser@c20040706 | |
| 905 | @f1@b175265@dQ91@e8 | |
| 古生物学教程/武汉地质学院古生物教研室编著.-北京:地质出版社,1980.07 |
| 521页;26cm |
| 高等学校试用教材 |
| ISBN :CNY4.60 |
| ● |
| 相关链接 |
|
|
|
|
正题名:古生物学教程
索取号:Q91/8
 
预约/预借
| 序号 | 登录号 | 条形码 | 馆藏地/架位号 | 状态 | 备注 |
| 1 | 0175265 | 001955030 | 第三借阅区/ [索取号:Q91/8] | 在馆 | |
| 2 | 0175266 | 000702378 | 第二样本阅览室/ [索取号:Q91/8] | 在馆 |